000 00625cam a22002413a 4500
001 31672
003 PGUSA
005 20140828083702.0
008 100317s2010||||xxu|||||s|||||000 | eng d
040 _aPGUSA
_beng
042 _adc
050 4 _aPB
245 1 4 _aThe Triads of Ireland
_h[electronic resource]
260 _bProject Gutenberg,
_c2010
506 _aPublic domain in the USA.
516 _aElectronic text
653 _aProverbs, Irish
653 _aMaxims
700 1 _aMeyer, Kuno,
_d1858-1919
830 0 _aProject Gutenberg
_v31672
856 4 0 _uhttp://www.gutenberg.org/ebooks/31672
942 _cEB
999 _c260927
_d260927